Eastern Utah Libraries Catalog: Duchesne, Heber, Roosevelt, & Vernal

Look both ways : (Record no. 250048)

MARC details
000 -LEADER
fixed length control field 02646cam a2200529 i 4500
001 - CONTROL NUMBER
control field BK0023316582
003 - CONTROL NUMBER IDENTIFIER
control field DLC
005 - DATE AND TIME OF LATEST TRANSACTION
control field 20200128163238.0
008 - FIXED-LENGTH DATA ELEMENTS--GENERAL INFORMATION
fixed length control field 190328s2019 nyua c 000 1 eng
010 ## - LIBRARY OF CONGRESS CONTROL NUMBER
LC control number 2019010095
020 ## - INTERNATIONAL STANDARD BOOK NUMBER
International Standard Book Number 9781481438285 : HRD
Terms of availability 17.99
020 ## - INTERNATIONAL STANDARD BOOK NUMBER
International Standard Book Number 148143828X : HRD
Terms of availability 17.99
Cancelled/invalid ISBN 9781481438308 (ebook)
037 ## - SOURCE OF ACQUISITION
Source of stock number/acquisition Simon & Schuster, 100 Front st, Riverside, NJ, USA, 08075-7500
Note SAN 200-2442
040 ## - CATALOGING SOURCE
Original cataloging agency DLC
Language of cataloging eng
Description conventions rda
Transcribing agency DLC
Modifying agency NjBwBT
-- IMmBT
-- NjBwBT
050 00 - LIBRARY OF CONGRESS CALL NUMBER
Classification number PZ7.R33593
Item number Loo 2019
082 00 - DEWEY DECIMAL CLASSIFICATION NUMBER
Classification number [Fic]
Edition number 23
092 ## - LOCALLY ASSIGNED DEWEY CALL NUMBER (OCLC)
Classification number FIC
100 1# - MAIN ENTRY--PERSONAL NAME
Personal name Reynolds, Jason,
Relator term author.
9 (RLIN) 5811805
240 10 - UNIFORM TITLE
Uniform title <a href="Short stories.">Short stories.</a>
Form subheading Selections
245 10 - TITLE STATEMENT
Title Look both ways :
Remainder of title a tale told in ten blocks /
Statement of responsibility, etc Jason Reynolds ; illustrations by Alex Nabaum.
250 ## - EDITION STATEMENT
Edition statement First edition.
264 #1 - Production, Publication, Distribution, Manufacture, and Copyright Notice.
Place of production, publication, distribution, manufacture New York :
Name of producer, publisher, distributor, manufacturer Atheneum Books for Young Readers,
Date of production, publication, distribution, manufacture, or copyr [2019]
300 ## - PHYSICAL DESCRIPTION
Extent 188 pages :
Other physical details color illustrations ;
Dimensions 22 cm
336 ## - Content Type
Content type term text
337 ## - Media type
Media type term unmediated
338 ## - Carrier type
Carrier type term volume
500 ## - GENERAL NOTE
General note "A Caitlyn Dlouhy book."
505 0# - FORMATTED CONTENTS NOTE
Formatted contents note Water booger bears -- The low cuts strike again -- Skitter hitter -- How to look (both) both ways -- Call of duty -- Five things easier to do than Simeon's and Kenzi's secret handshake -- Satchmo's master plan --Ookabooka land -- How a boy can become a grease fire -- The broom dog.
520 ## - SUMMARY, ETC.
Summary, etc "A collection of ten short stories that all take place in the same day about kids walking home from school"--
-- Provided by publisher.
650 #1 - SUBJECT ADDED ENTRY--TOPICAL TERM
Topical term or geographic name as entry element Interpersonal relations
Form subdivision Fiction.
9 (RLIN) 5673978
650 #1 - SUBJECT ADDED ENTRY--TOPICAL TERM
Topical term or geographic name as entry element Schools
Form subdivision Fiction.
9 (RLIN) 5673727
650 #1 - SUBJECT ADDED ENTRY--TOPICAL TERM
Topical term or geographic name as entry element Short stories.
9 (RLIN) 91448
650 #7 - SUBJECT ADDED ENTRY--TOPICAL TERM
Topical term or geographic name as entry element JUVENILE FICTION / Social Issues / Emotions & Feelings.
Source of heading or term bisacsh
9 (RLIN) 5683753
650 #7 - SUBJECT ADDED ENTRY--TOPICAL TERM
Topical term or geographic name as entry element JUVENILE FICTION / Short Stories.
Source of heading or term bisacsh
9 (RLIN) 5718182
650 #7 - SUBJECT ADDED ENTRY--TOPICAL TERM
Topical term or geographic name as entry element JUVENILE FICTION / Social Issues / New Experience.
Source of heading or term bisacsh
9 (RLIN) 5705685
700 1# - ADDED ENTRY--PERSONAL NAME
Personal name Nabaum, Alexander,
Relator term illustrator.
9 (RLIN) 5811806
700 12 - ADDED ENTRY--PERSONAL NAME
Personal name Reynolds, Jason.
Title of a work Water booger bears.
9 (RLIN) 5811807
700 12 - ADDED ENTRY--PERSONAL NAME
Personal name Reynolds, Jason.
Title of a work Low cuts strike again.
9 (RLIN) 5811808
700 12 - ADDED ENTRY--PERSONAL NAME
Personal name Reynolds, Jason.
Title of a work Skitter hitter.
9 (RLIN) 5811809
700 12 - ADDED ENTRY--PERSONAL NAME
Personal name Reynolds, Jason.
Title of a work How to look (both) both ways.
9 (RLIN) 5811810
700 12 - ADDED ENTRY--PERSONAL NAME
Personal name Reynolds, Jason.
Title of a work Call of duty.
9 (RLIN) 5811811
700 12 - ADDED ENTRY--PERSONAL NAME
Personal name Reynolds, Jason.
Title of a work Five things easier to do than Simeon's and Kenzi's secret handshake.
9 (RLIN) 5811812
700 12 - ADDED ENTRY--PERSONAL NAME
Personal name Reynolds, Jason.
Title of a work Satchmo's master plan.
9 (RLIN) 5811813
700 12 - ADDED ENTRY--PERSONAL NAME
Personal name Reynolds, Jason.
Title of a work Ookabooka land.
9 (RLIN) 5811814
700 12 - ADDED ENTRY--PERSONAL NAME
Personal name Reynolds, Jason.
Title of a work How a boy can become a grease fire.
9 (RLIN) 5811815
700 12 - ADDED ENTRY--PERSONAL NAME
Personal name Reynolds, Jason.
Title of a work Broom dog.
9 (RLIN) 5811816
Holdings
Withdrawn status Lost status Source of classification or shelving scheme Damaged status Not for loan Collection code Home library Current library Shelving location Date acquired Cost, normal purchase price Total Checkouts Total Renewals Full call number Barcode Date last seen Date checked out Cost, replacement price Price effective from Koha item type
    Dewey Decimal Classification     Junior Fiction Wasatch County Library Wasatch County Library Main Floor Junior Area 12/05/2019 17.99 11 8 J Reynolds 34301001601162 02/18/2025 12/18/2024 17.99 03/20/2020 BOOK
This project was made possible through a grant from the Institute of Museum and Library Service administered by the Utah State Library Division.

Wasatch County Library

  • 465 East 1200 South, Heber City, Utah 84032
  • Phone 435-654-1511 | Fax 435-654-6456

Hours

  • Monday - Friday 9:30 AM - 8:00 PM
  • Saturday 9:30 AM - 1:30 PM
  • Closed Sundays and Holidays